Bihunamar barpera : (Record no. 8143)

MARC details
000 -LEADER
fixed length control field 00488cam a2200205ua 4500
001 - CONTROL NUMBER
control field 9060
005 - DATE AND TIME OF LATEST TRANSACTION
control field 20260515114424.0
008 - FIXED-LENGTH DATA ELEMENTS--GENERAL INFORMATION
fixed length control field 200227n ii |||gr||||Z||||||asm
020 ## - INTERNATIONAL STANDARD BOOK NUMBER
International Standard Book Number 9789380454955
040 ## - CATALOGING SOURCE
Transcribing agency MAIN
041 ## - LANGUAGE CODE
Language code of text/sound track or separate title asm
082 ## - DEWEY DECIMAL CLASSIFICATION NUMBER
Classification number 782.42162
100 ## - MAIN ENTRY--PERSONAL NAME
Personal name Gogoi, A.,
Relator term Editor.
245 ## - TITLE STATEMENT
Title Bihunamar barpera :
Remainder of title Vol 2 /
Statement of responsibility, etc. Edited by A. Gogoi .
250 ## - EDITION STATEMENT
Edition statement 1st.
260 ## - PUBLICATION, DISTRIBUTION, ETC.
Place of publication, distribution, etc. Guwahati:
Name of publisher, distributor, etc. Aank-bank,
Date of publication, distribution, etc. 2012.
300 ## - PHYSICAL DESCRIPTION
Extent 480p.
653 ## - INDEX TERM--UNCONTROLLED
Uncontrolled term Vocal music
942 ## - ADDED ENTRY ELEMENTS (KOHA)
Koha item type Books
Holdings
Withdrawn status Lost status Damaged status Not for loan Home library Current library Shelving location Date acquired Total checkouts Full call number Barcode Date last seen Date last checked out Copy number Price effective from Koha item type
        Naharkatiya College Library Naharkatiya College Library General stacks 09/19/2020 1 782.42162 | BIH 21806 06/08/2024 06/04/2024 1 09/19/2020 Books
        Naharkatiya College Library Naharkatiya College Library General stacks 09/19/2020 5 782.42162 | BIH 26321 04/26/2025 03/17/2025 2 09/19/2020 Books